| 000 | 00456nam a2200181Ia 4500 | ||
|---|---|---|---|
| 001 | 2232 | ||
| 005 | 20260306143827.0 | ||
| 008 | 260306t2011||||xx |||||||||||||| ||spa|| | ||
| 041 | _aESP | ||
| 082 |
_a616.8 _bB85 |
||
| 100 |
_aBruna, Olga _eAUT |
||
| 245 | 0 |
_aRehabilitación neuropsicológica: _bintervención y práctica clínica |
|
| 260 | _c2011 | ||
| 300 |
_a504 páginas : _c24 cm. |
||
| 650 | _aGEN | ||
| 654 | _aCPS | ||
| 942 |
_cLIB _dJUS _fJUS _2ddc _n |
||
| 999 |
_c2232 _d2232 |
||